| 000 | 01604nam a2200397Ia 4500 | ||
|---|---|---|---|
| 001 | ebr10574093 | ||
| 003 | CaPaEBR | ||
| 006 | m u | ||
| 007 | cr cn||||||||| | ||
| 008 | 110114s2011 nyu sb s001 0 eng d | ||
| 010 | _z 2011000769 | ||
| 020 | _z1438436866 (pbk. : alk. paper) | ||
| 020 | _z1438436874 (hardcover : alk. paper) | ||
| 020 | _z9781438436869 (pbk. : alk. paper) | ||
| 020 | _z9781438436876 (hardcover : alk. paper) | ||
| 020 | _z9781438436883 | ||
| 040 |
_aCaPaEBR _cCaPaEBR |
||
| 035 | _a(OCoLC)729246180 | ||
| 050 | 1 | 4 |
_aBF1078 _b.K56 2011eb |
| 082 | 0 | 4 |
_a154.6/3071 _222 |
| 100 | 1 |
_aKing, Philip, _d1943- |
|
| 245 | 1 | 0 |
_aDreaming in the classroom _h[electronic resource] : _bpractices, methods, and resources in dream education / _cPhilip King, Kelly Bulkeley, Bernard Welt. |
| 260 |
_aAlbany : _bState University of New York Press, _cc2011. |
||
| 300 | _ax, 307 p. | ||
| 490 | 1 | _aSUNY series in dream studies | |
| 504 | _aIncludes bibliographical references (p. 287-295) and index. | ||
| 533 |
_aElectronic reproduction. _bPalo Alto, Calif. : _cebrary, _d2013. _nAvailable via World Wide Web. _nAccess may be limited to ebrary affiliated libraries. |
||
| 650 | 0 |
_aDreams _xStudy and teaching (Higher) |
|
| 650 | 0 | _aEducation. | |
| 655 | 7 |
_aElectronic books. _2local |
|
| 700 | 1 |
_aBulkeley, Kelly, _d1962- |
|
| 700 | 1 |
_aWelt, Bernard, _d1952- |
|
| 710 | 2 | _aebrary, Inc. | |
| 830 | 0 | _aSUNY series in dream studies. | |
| 856 | 4 | 0 |
_uhttp://site.ebrary.com/lib/rucke/Doc?id=10574093 _zAn electronic book accessible through the World Wide Web; click to view |
| 999 |
_c182219 _d182219 |
||